Detalles MARC
| 000 -LÍDER |
| Campo fijo de descripción fija |
01361cam a2200313 i 4500 |
| 001 - NÚMERO DE CONTROL |
| Campo de control |
20604 |
| 003 - IDENTIFICADOR DEL NÚMERO DE CONTROL |
| Campo de control |
CO-MdFUSB |
| 005 - FECHA Y HORA DE LA ULTIMA TRANSACCIÓN |
| control field |
20190202100401.0 |
| 008 - ELEMENTOS DE LONGITUD FIJA -- INFORMACIÓN GENERAL |
| Campo fijo de descripción fija -- Información general |
161005s1985 xxu||||| |||| 00| 0 eng d |
| 020 ## - NÚMERO INTERNACIONAL NORMALIZADO PARA LIBROS |
| Número Internacional Normalizado del libro |
0-18006-1881-5 |
| 040 ## - FUENTE DE CATALOGACIÓN |
| Agencia de catalogación original |
CO-MdFUSB |
| Idioma de catalogación |
Español |
| Agencia que realiza la transcripción |
CO-MdFUSB |
| Agencia que realiza la modificación |
CO-MdFUSB |
| Convenciones de la descripción |
rda |
| 041 ## - CÓDIGO DE IDIOMA |
| Código de idioma para texto/pista de sonido o título separado |
eng |
| Código de idioma original |
ger |
| 082 ## - NÚMERO DE CLASIFICACIÓN DECIMAL DEWEY |
| Número de la edición del Dewey |
24 |
| Número de clasificación |
G 226.306 |
| Clave de autor-Numero de item |
H511s |
| 100 1# - ASIENTO PRINCIPAL--NOMBRE PERSONAL |
| Nombre personal |
Hengel, Martin |
| Fechas asociadas con el nombre |
1926-2009 |
| Término relacionador |
autor |
| 245 00 - TÍTULO |
| Título del Material |
Studies in the gospel of Mark |
| Mención de responsabilidad, etc. |
/ Martin Hengel ; traducido por John Bowden |
| 264 #1 - PRODUCCIÓN, PUBLICACIÓN, DISTRIBUCIÓN, MANUFACTURA, Y COPYRIGHT |
| Lugar de producción, publicación, distribución, manufactura |
Philadelphia, Pennsylvania : |
| Nombre del productor, publicador, distribuidor |
Fortress Press, |
| Fecha de producción, publicación, distribución, manufactura, o copyright |
℗1985 |
| 264 #4 - PRODUCCIÓN, PUBLICACIÓN, DISTRIBUCIÓN, MANUFACTURA, Y COPYRIGHT |
| Fecha de producción, publicación, distribución, manufactura, o copyright |
©1985 |
| 300 ## - DESCRIPCIÓN FÍSICA |
| Extensión |
xiv, 206 páginas |
| 336 ## - TIPO DE CONTENIDO |
| Fuente |
rdacontent |
| Término de tipo de contenido |
texto |
| Código de tipo de contenido |
txt |
| 337 ## - TIPO DE MEDIO |
| Fuente |
rdamedia |
| Nombre del tipo de medio |
sin mediación |
| Código del tipo de medio |
n |
| 338 ## - TIPO DE SOPORTE |
| Fuente |
rdacarrier |
| Nombre del tipo de soporte |
volumen |
| Código Tipo de soporte |
nc |
| 501 ## - NOTA DE “CON” |
| Nota de Contenido |
Rústico |
| 505 02 - NOTA DE CONTENIDO |
| Nota de contenido con formato preestablecido |
El evangelio de Marcos: Tiempo de origen y la situación -- Problemas literarios, teológicos e históricos en el evangelio de Marcos -- Los títulos de los evangelios y el evangelio de Marcos |
| 534 ## - NOTA DE VERSION ORIGINAL |
| Publicación, distribución, etc. del original |
Markus-Philologie. Historische, lieterargeschichtliche und stilistische Untersuchungen zum zweiten Evangelium y Das Evangelium und die Evangelien |
| Frase introductoria |
Título original en alemán de los artículos publicados en: |
| 630 #7 - TITULO UNIFORME |
| Título uniforme |
Biblia N.T. |
| Subdivisión de forma |
Marcos |
| Subdivisión de materia general |
Crítica, interpretación, etc. |
| 700 1# - ASIENTO SECUNDARIO - NOMBRE PERSONAL |
| Nombre personal |
Bowden, John |
| Fechas asociadas con el nombre |
1935-2010 |
| Responsabilidad |
traductor |
| 9 (RLIN) |
456 |
| 942 ## - TIPO DE MATERIAL (KOHA) |
| Tipo de Item KOHA |
Libros General |